000 00460nam a2200181Ia 4500
008 240925s9999 xx 000 0 und d
020 _a8120323009
082 _a658.4052 CLE
100 _aCleary, J. Patrick
245 4 _aThe negotiation handbook
250 _aNA
260 _aNew Delhi:
_bPrientice Hall of India
_c,2001.
300 _a276p.
_bN.A
_fOriginal
500 _aIncludes Index
600 _aManagement
650 _aManagement
942 _cBK
999 _c17736
_d17736